000 00726nam a2200217Ia 4500
005 20250508163354.0
008 008 250505s9999 xx 000 0 eng d
037 _aTextual
040 _aFEDL
_beng
_cFEDL
041 _aeng
_2eng
084 _a370, CEN
_qFEDL
100 _aPatel A. S. Ed.
_9140054
245 0 _aSymposium for evaluation of our educational standards : A report
245 0 _cCentre of Advanced Study in Education. Faculty of Education and Psychology
260 _aBaroda, India
_bCentre of Advanced Study in Education
_c1965
300 _a103p.
650 _aEducation
700 _a Bhattacharya S. Ed. Shah M. M. Ed.
_9775221
942 _cTEXL
_h370, CEN
999 _c1382627
_d1382627